[Event "Sparkassen-Open A"]
[Site "Heusenstamm, Martinsee"]
[Date "2025.11.23"]
[Round "6.57"]
[White "Mährlein, Christoph"]
[Black "Gernert, Tomas"]
[Result "1-0"]
[WhiteElo "2024"]
[BlackElo "1810"]
[PlyCount "65"]
[EventDate "2025.11.20"]
[WhiteTeam "SC Pforzheim 1906"]
[BlackTeam "KS Ricany 1925"]

1. Nf3 c5 2. c4 Nc6 3. Nc3 g6 4. d4 cxd4 5. Nxd4 Bg7 6. e3 Nf6 7. Be2 O-O 8. O-O d6 9. a3 a5 10. Ndb5 Ne5 11. f4 Ned7 12. e4 b6 13. Bf3 Bb7 14. Be3 a4 15. Qe2 Qb8 16. Rad1 Rc8 17. Bf2 Nc5 18. g4 Nfd7 19. g5 Ne6 20. Bg4 Nxf4 21. Qd2 Ne6 22. Nd5 Bxd5 23. exd5 Ne5 24. dxe6 Nxg4 25. exf7+ Kf8 26. Nd4 Bxd4 27. Bxd4 Rxc4 28. Qf4 Ne5 29. Qh4 h5 30. gxh6 Nxf7 31. Bg7+ Kg8 32. Qxc4 Qe8 33. Rd2 1-0

[Event "Sparkassen-Open A"]
[Site "Heusenstamm, Martinsee"]
[Date "2025.11.23"]
[Round "6.58"]
[White "Kulenovic, Adnan"]
[Black "Kutzner, Joachim"]
[Result "0-1"]
[WhiteElo "1854"]
[BlackElo "1999"]
[PlyCount "104"]
[EventDate "2025.11.20"]
[WhiteTeam "Spielgemeinschaft Kinzigtal"]
[BlackTeam "SC Erkrath 1973"]

1. h4 d5 2. e3 e5 3. d4 Nc6 4. Nf3 e4 5. Nfd2 Nce7 6. c4 c6 7. Nc3 Nf6 8. Be2 a6 9. a4 h5 10. b4 Nf5 11. c5 Ng4 12. Bxg4 hxg4 13. g3 Be7 14. Rg1 g5 15. hxg5 Bxg5 16. Nf1 Bd7 17. Bd2 Bf6 18. Ne2 Ng7 19. Qb3 Ne6 20. O-O-O Ng5 21. Rg2 Nf3 22. Ng1 Qe7 23. Nxf3 exf3 24. Rh2 Rxh2 25. Nxh2 Bf5 26. Be1 Kf8 27. Nf1 Kg7 28. Nd2 Rh8 29. Qc3 Qe6 30. Kb2 Rh2 31. Ka3 Be7 32. Nb3 Bd8 33. Nc1 Rh1 34. Qd2 Qe4 35. Na2 Bc7 36. Nc3 Qe6 37. Kb2 Qg6 38. Kc1 Rh2 39. e4 Bxe4 40. Nxe4 Qxe4 41. Qg5+ Qg6 42. Qxg6+ Kxg6 43. Rd2 f5 44. Kc2 f4 45. Kd3 Kf5 46. gxf4 Bxf4 47. Rc2 Rh1 48. Bd2 Rd1 49. Kc3 Rxd2 50. Rxd2 Bxd2+ 51. Kxd2 Ke4 52. Kc3 g3 0-1

[Event "Sparkassen-Open A"]
[Site "Heusenstamm, Martinsee"]
[Date "2025.11.23"]
[Round "6.59"]
[White "Schröder, Jürgen"]
[Black "Yasaswi Krishna Bommi"]
[Result "1/2-1/2"]
[WhiteElo "2013"]
[BlackElo "1843"]
[PlyCount "50"]
[EventDate "2025.11.20"]
[WhiteTeam "SC Matt im Park Ffm"]
[BlackTeam "Indien"]
[BlackTeamCountry "IND"]

1. e4 d6 2. d4 Nf6 3. Nc3 g6 4. Nf3 Bg7 5. h3 O-O 6. Be3 b6 7. Bc4 Nxe4 8. Nxe4 d5 9. Bd3 dxe4 10. Bxe4 c6 11. Ne5 Bb7 12. Qf3 Qc8 13. c3 f6 14. Nc4 f5 15. Bc2 c5 16. Qg3 Nd7 17. O-O Kh8 18. Rfd1 Nf6 19. Ne5 Nd5 20. Qh4 Bxe5 21. dxe5 Nxe3 22. fxe3 Qe6 23. Qf4 Rad8 24. a3 a5 25. h4 Kg7 1/2-1/2

[Event "Sparkassen-Open A"]
[Site "Heusenstamm, Martinsee"]
[Date "2025.11.23"]
[Round "6.60"]
[White "Hoffmann, Jens"]
[Black "Kessler, Georg"]
[Result "1-0"]
[WhiteElo "2094"]
[BlackElo "1876"]
[PlyCount "83"]
[EventDate "2025.11.20"]
[WhiteTeam "SF HN-Biberach 1978 e.V."]
[BlackTeam "SC Sulzbach-Rosenberg"]

1. e4 c6 2. Nc3 d5 3. Nf3 dxe4 4. Nxe4 Nf6 5. Qe2 Nxe4 6. Qxe4 Qd5 7. Qf4 Qf5 8. d3 Qxf4 9. Bxf4 Bg4 10. Ne5 Bh5 11. g4 Bg6 12. h4 f6 13. Nxg6 hxg6 14. Bg2 e5 15. Bg3 Nd7 16. O-O-O Bc5 17. c3 Rd8 18. Rde1 Kf7 19. Re2 Rhe8 20. Rhe1 Nf8 21. Kc2 Ne6 22. b4 Bd6 23. a4 Nf4 24. Bxf4 exf4 25. b5 cxb5 26. axb5 Rxe2+ 27. Rxe2 Rd7 28. d4 b6 29. Kd3 Re7 30. Bd5+ Ke8 31. Rc2 Kd8 32. Kc4 Bb8 33. Bc6 Re1 34. Kd5 f3 35. c4 Re2 36. Rc3 Rxf2 37. Re3 Re2 38. Rxf3 Re7 39. g5 fxg5 40. Rf8+ Kc7 41. hxg5 Re5+ 42. dxe5 1-0

[Event "Sparkassen-Open A"]
[Site "Heusenstamm, Martinsee"]
[Date "2025.11.23"]
[Round "6.61"]
[White "Faulhaber, Tobias"]
[Black "Waffenschmidt, Joachim"]
[Result "0-1"]
[WhiteElo "1906"]
[BlackElo "2024"]
[PlyCount "82"]
[EventDate "2025.11.20"]
[WhiteTeam "SC Schifferstadt"]
[BlackTeam "SV 1920 Hofheim"]

1. e4 c5 2. Nf3 e6 3. d4 cxd4 4. Nxd4 Nc6 5. c4 Bc5 6. Nxc6 bxc6 7. Nc3 Rb8 8. Bd3 e5 9. O-O Nf6 10. Rb1 O-O 11. Bg5 h6 12. Bh4 d6 13. Kh1 g5 14. Bg3 Kg7 15. f3 Bd4 16. Bf2 Qa5 17. Bxd4 exd4 18. Ne2 c5 19. a3 Bd7 20. Qe1 Qxe1 21. Rfxe1 Rb6 22. b4 Ba4 23. Ng3 Nd7 24. Nf5+ Kh8 25. bxc5 Ne5 26. Rxb6 axb6 27. Be2 d3 28. Bd1 d2 29. Rf1 Ra8 30. h3 Nd3 31. Kg1 Nb2 32. Bxa4 Rxa4 33. Ne3 Rxa3 34. Nd1 Nxc4 35. Kf2 b5 36. Ke2 b4 37. Nf2 Re3+ 38. Kd1 Rc3 39. Ke2 b3 40. Nd3 Rc2 41. Kd1 Ne3+ 0-1

[Event "Sparkassen-Open A"]
[Site "Heusenstamm, Martinsee"]
[Date "2025.11.23"]
[Round "6.62"]
[White "Junker, Christian"]
[Black "Berberich, Christoph"]
[Result "0-1"]
[WhiteElo "2008"]
[BlackElo "1839"]
[PlyCount "82"]
[EventDate "2025.11.20"]
[WhiteTeam "SV 1926 Neu-Isenburg"]
[BlackTeam "SK Freiburg-Zähringen 1887 e.V."]

1. Nf3 Nf6 2. g3 g6 3. d3 d5 4. Nbd2 d4 5. Bg2 Bg7 6. O-O c5 7. a4 O-O 8. Nc4 Nc6 9. a5 Be6 10. a6 b5 11. Na3 Qb6 12. e4 dxe3 13. fxe3 Rad8 14. Ng5 Bc8 15. Qf3 Rd6 16. c4 Bxa6 17. cxb5 Bxb5 18. Nc4 Bxc4 19. dxc4 h6 20. Ne4 Nxe4 21. Qxe4 Ne5 22. Qc2 Nd3 23. Be4 Nxc1 24. Rfxc1 Qxb2 25. Rxa7 Qxc2 26. Bxc2 Rd2 27. Be4 Re2 28. Rd7 Rxe3 29. Bd5 Bd4 30. Kf1 Rb8 31. Bb7 Rb3 32. Be4 e6 33. Rc2 Rb1+ 34. Kg2 R8b2 35. Kh3 f5 36. Rxb2 Rxb2 37. Bf3 Rf2 38. Bc6 g5 39. g4 Be5 40. gxf5 exf5 41. Bd5+ Kf8 0-1

[Event "Sparkassen-Open A"]
[Site "Heusenstamm, Martinsee"]
[Date "2025.11.23"]
[Round "6.63"]
[White "Voss, Georg"]
[Black "Stein, Tobias"]
[Result "1-0"]
[WhiteElo "1886"]
[BlackElo "1993"]
[PlyCount "105"]
[EventDate "2025.11.20"]
[WhiteTeam "SV Meschede e. V."]
[BlackTeam "SV Alsfeld"]

1. Nf3 d6 2. d4 Nf6 3. c4 g6 4. b3 Bg7 5. Bb2 O-O 6. e3 c6 7. Bd3 Bg4 8. Nbd2 Re8 9. h3 Bxf3 10. Nxf3 e5 11. dxe5 dxe5 12. Be2 Nbd7 13. Qc2 e4 14. Nh2 Ne5 15. Rd1 Qc7 16. O-O Rad8 17. Rxd8 Rxd8 18. Rd1 Rxd1+ 19. Qxd1 Nfd7 20. Bxe5 Nxe5 21. f4 exf3 22. gxf3 Qe7 23. Nf1 h5 24. f4 Nd7 25. b4 Nf6 26. b5 Ne4 27. Bf3 Nc3 28. Qc2 cxb5 29. cxb5 b6 30. a4 Qe6 31. Kg2 Qc4 32. Bd1 Qc5 33. Bf3 g5 34. f5 h4 35. Qd3 Qe5 36. Qd8+ Kh7 37. Qxg5 Bf6 38. Qg4 Nd5 39. Bxd5 Qxd5+ 40. Kg1 Kh6 41. Nh2 Bg5 42. Qd4 Qxd4 43. exd4 Be3+ 44. Kg2 Bxd4 45. Kf3 Kg5 46. Ke4 Bf2 47. Ng4 Bg3 48. Ne3 Bd6 49. Nc4 Bg3 50. Ne5 Kf6 51. Nc6 Bh2 52. Nxa7 Ke7 53. Nc8+ 1-0

[Event "Sparkassen-Open A"]
[Site "Heusenstamm, Martinsee"]
[Date "2025.11.23"]
[Round "6.65"]
[White "Griesfeller, Sven"]
[Black "Pauls, Wilhelm"]
[Result "1-0"]
[WhiteElo "1869"]
[BlackElo "1984"]
[PlyCount "76"]
[EventDate "2025.11.20"]
[WhiteTeam "Schachdrachen Büdingen-Wächtersb"]
[BlackTeam "SPORTGEM Kaarst 1912/35"]

1. e4 e5 2. Nf3 Nc6 3. Bb5 a6 4. Ba4 Nf6 5. O-O Be7 6. Re1 b5 7. Bb3 d6 8. c3 O-O 9. h3 Nb8 10. d4 Nbd7 11. Nbd2 Bb7 12. Bc2 Re8 13. Nf1 Bf8 14. Ng3 g6 15. Bg5 h6 16. Bd2 c5 17. d5 c4 18. Be3 Qc7 19. Qd2 Kh7 20. a4 Nc5 21. Ra3 Bg7 22. Rea1 Nxa4 23. Bxa4 bxa4 24. Rxa4 Nxe4 25. Nxe4 f5 26. Bxh6 Bxh6 27. Nf6+ Kg7 28. Nxe8+ Rxe8 29. Qe2 Bxd5 30. Rxa6 Re7 31. Qd1 Bc6 32. b4 cxb3 33. Qxb3 Bxf3 34. gxf3 Bf4 35. Qd5 e4 36. Ra7 Qd8 37. Ra8 Qc7 38. R1a7 Qxa7 1-0

[Event "Sparkassen-Open A"]
[Site "Heusenstamm, Martinsee"]
[Date "2025.11.23"]
[Round "6.66"]
[White "Rohatgi, Kushagra"]
[Black "Bäumer, Frank"]
[Result "1/2-1/2"]
[WhiteElo "1869"]
[BlackElo "1974"]
[PlyCount "86"]
[EventDate "2025.11.20"]
[WhiteTeam "SAbt TuS Makkabi Ffm"]
[BlackTeam "SV 1932 Caissa Homburg"]

1. e4 e5 2. Nf3 Nc6 3. Bc4 Bc5 4. c3 Qe7 5. d3 h6 6. Nbd2 d6 7. a4 a6 8. Bb3 Qf6 9. Nf1 Nge7 10. Ne3 Bd7 11. Ba2 b5 12. b4 Bb6 13. axb5 axb5 14. Bd2 O-O 15. O-O Ra7 16. Qc2 Rfa8 17. Qb2 Nd8 18. Bb3 Ne6 19. Nd5 Nxd5 20. Bxd5 Rxa1 21. Rxa1 Rxa1+ 22. Qxa1 Nf4 23. Bxf4 Qxf4 24. Qd1 g5 25. Qd2 g4 26. Qxf4 exf4 27. Nh4 g3 28. hxg3 fxg3 29. d4 c6 30. Ba2 c5 31. Nf3 cxb4 32. cxb4 Bc6 33. fxg3 Bxe4 34. Kf1 Bxf3 35. gxf3 Bxd4 36. Bd5 Bc3 37. Bc6 Bxb4 38. Bxb5 Kg7 39. g4 Kf6 40. Ke2 Ke5 41. Bd3 d5 42. Bc2 Kf4 43. Bb3 Ke5 1/2-1/2

[Event "Sparkassen-Open A"]
[Site "Heusenstamm, Martinsee"]
[Date "2025.11.23"]
[Round "6.67"]
[White "Wambach, Jürgen"]
[Black "Chaganti, Prahasith Reddy"]
[Result "1-0"]
[WhiteElo "1976"]
[BlackElo "1820"]
[PlyCount "149"]
[EventDate "2025.11.20"]
[WhiteTeam "SK 1982 Klingenberg e.V."]
[BlackTeam "Mönchengladbacher SV 1"]

1. c4 e6 2. g3 d5 3. Bg2 Nf6 4. Nf3 c5 5. b3 Nc6 6. cxd5 exd5 7. O-O Bd6 8. d4 cxd4 9. Bb2 Qb6 10. Nxd4 Be5 11. e3 Nxd4 12. exd4 Bd6 13. Nc3 Be6 14. Qe2 O-O 15. Na4 Qc7 16. Rac1 Qe7 17. Nc5 Rfe8 18. Rfe1 Rac8 19. Nxe6 Rxc1 20. Bxc1 Qxe6 21. Qxe6 Rxe6 22. Rxe6 fxe6 23. Bb2 Kf7 24. Kf1 Ne8 25. Ke2 Kf6 26. Kd3 Nc7 27. f4 h5 28. Bc1 g6 29. h3 b5 30. a4 a5 31. axb5 Nxb5 32. Bf1 Bb4 33. Bb2 Nd6 34. g4 hxg4 35. hxg4 g5 36. Bc1 gxf4 37. Bxf4 Ne4 38. Be2 Nf2+ 39. Ke3 Be1 40. Bc7 Ne4 41. Bd8+ Kg6 42. Bd3 Bf2+ 43. Kf3 Bxd4 44. Bxa5 Kg5 45. Bxe4 dxe4+ 46. Kxe4 e5 47. Kf3 Ba7 48. Bd8+ Kg6 49. Ke4 Bb8 50. b4 Bd6 51. b5 Bc5 52. Kxe5 Ba7 53. Kd5 Be3 54. Kc6 Ba7 55. b6 Bxb6 56. Kxb6 Kg7 57. Kc6 Kg6 58. Kd5 Kg7 59. Ke6 Kg6 60. g5 Kg7 61. Kf5 Kf7 62. Bf6 Kf8 63. Kg6 Kg8 64. Bc3 Kf8 65. Kh7 Kf7 66. g6+ Ke6 67. g7 Kd5 68. g8=Q+ Ke4 69. Kg6 Kd3 70. Kf5 Kxc3 71. Ke4 Kb4 72. Kd4 Kb5 73. Qe6 Ka5 74. Kc4 Ka4 75. Qa6# 1-0

[Event "Sparkassen-Open A"]
[Site "Heusenstamm, Martinsee"]
[Date "2025.11.23"]
[Round "6.68"]
[White "Hasenpflug, Till"]
[Black "Blomer, Moritz"]
[Result "0-1"]
[WhiteElo "1868"]
[BlackElo "1962"]
[PlyCount "66"]
[EventDate "2025.11.20"]
[WhiteTeam "SK Bad Homburg 1927"]
[BlackTeam "SG Porz e. V."]

1. e4 e6 2. b3 d5 3. Bb2 dxe4 4. Nc3 Nf6 5. Qe2 Be7 6. g4 Nc6 7. O-O-O Nd4 8. Qc4 e5 9. g5 Be6 10. Qa4+ Bd7 11. Bb5 Nxb5 12. Nxb5 Ng4 13. Qxe4 Nxf2 14. Qxe5 Bxb5 15. Qxb5+ Qd7 16. Qxb7 O-O 17. Nf3 Rfb8 18. Qa6 Nxh1 19. Rxh1 Qb5 20. Qxb5 Rxb5 21. h4 f6 22. Nd4 Rb6 23. Nf5 Bf8 24. gxf6 gxf6 25. Rf1 Kf7 26. Ne3 Rd8 27. Rf5 Re6 28. Ra5 Bb4 29. Rxa7 Bxd2+ 30. Kb1 Bxe3 31. Rxc7+ Re7 32. Rxe7+ Kxe7 33. a4 f5 0-1

[Event "Sparkassen-Open A"]
[Site "Heusenstamm, Martinsee"]
[Date "2025.11.23"]
[Round "6.69"]
[White "Sasikumar Anitha, Sarvesh"]
[Black "Graschdankin, Roman"]
[Result "1/2-1/2"]
[WhiteElo "1924"]
[BlackElo "1801"]
[PlyCount "50"]
[EventDate "2025.11.20"]
[WhiteTeam "SK 1858 Gießen"]
[BlackTeam "SK Bad Homburg 1927"]

1. e4 c5 2. Nf3 Nc6 3. Bb5 e6 4. O-O Nge7 5. Re1 a6 6. Bf1 d5 7. exd5 Nxd5 8. d4 Nf6 9. Be3 cxd4 10. Nxd4 Bd7 11. c4 Nxd4 12. Bxd4 Be7 13. Nc3 O-O 14. Qe2 Bc6 15. Rad1 Qc7 16. h3 Rad8 17. Qe3 Nd7 18. Nd5 exd5 19. Qxe7 dxc4 20. Bxc4 Qf4 21. Qe3 Qxe3 22. Bxe3 Ne5 23. Bf1 Rfe8 24. Bb6 Rxd1 25. Rxd1 h6 1/2-1/2

[Event "Sparkassen-Open A"]
[Site "Heusenstamm, Martinsee"]
[Date "2025.11.23"]
[Round "6.70"]
[White "Stuhlmann, Florian"]
[Black "Michalski, Uwe"]
[Result "0-1"]
[WhiteElo "1933"]
[BlackElo "1800"]
[PlyCount "100"]
[EventDate "2025.11.20"]
[WhiteTeam "SC Königsflügel Lindenholzhausen"]
[BlackTeam "Sfr.Mainz 1928"]

1. d4 d5 2. c4 c6 3. Nc3 Nf6 4. cxd5 cxd5 5. Nf3 e6 6. Bf4 Bd6 7. Bxd6 Qxd6 8. e3 a6 9. Bd3 Nc6 10. a3 b5 11. b4 O-O 12. Nd2 e5 13. dxe5 Nxe5 14. Nb3 Bg4 15. Ne2 Bh5 16. Nbd4 Ng6 17. Qd2 Nh4 18. Nf4 Qe5 19. Rc1 Qg5 20. f3 Rfe8 21. O-O Nd7 22. Nxh5 Qxh5 23. f4 Nf6 24. g3 Ng6 25. Be2 Qh3 26. Bf3 Ng4 27. Rc3 h5 28. Bxd5 Rad8 29. Nf3 Nh6 30. Ng5 Qg4 31. Rc7 Ne7 32. e4 Nxd5 33. exd5 h4 34. Qd3 g6 35. d6 hxg3 36. h3 Rxd6 37. Qxd6 Qe2 38. Nf3 Qe3+ 39. Kh1 Qe2 40. Rcc1 g2+ 41. Kg1 gxf1=Q+ 42. Rxf1 Qe3+ 43. Kh2 Qxa3 44. Ne5 Nf5 45. Qd3 Qxb4 46. Ng4 Rc8 47. Nf6+ Kg7 48. Nh5+ Kh6 49. Nf6 Qb2+ 50. Kh1 Qxf6 0-1

[Event "Sparkassen-Open A"]
[Site "Heusenstamm, Martinsee"]
[Date "2025.11.23"]
[Round "6.71"]
[White "Gao, Chenzhuo"]
[Black "Spiegelberg, Silvia"]
[Result "0-1"]
[WhiteElo "1825"]
[BlackElo "1929"]
[PlyCount "174"]
[EventDate "2025.11.20"]
[WhiteTeam "SC Rotenburg"]
[BlackTeam "SF Sasbach e.V."]

1. d4 Nf6 2. c4 e5 3. dxe5 Ng4 4. Nf3 Bc5 5. e3 Nc6 6. Be2 O-O 7. O-O Re8 8. Nc3 a5 9. b3 Ncxe5 10. Nxe5 Nxe5 11. Ne4 Bf8 12. Bb2 Ra6 13. f4 Ng6 14. Bd3 d6 15. Ng5 Be7 16. Qh5 Bxg5 17. fxg5 Rxe3 18. Rad1 Re7 19. c5 Rc6 20. cxd6 cxd6 21. Bd4 Be6 22. Rd2 Rc8 23. Re2 Qd7 24. h3 a4 25. b4 Bd5 26. Ref2 Rce8 27. a3 b5 28. Bf5 Be6 29. Bd3 Bc4 30. Bf5 Qb7 31. Rc1 Re2 32. Qf3 Qxf3 33. gxf3 Nh4 34. Bd7 Re1+ 35. Rxe1 Rxe1+ 36. Kh2 Re2 37. Kg3 Rxf2 38. Kxf2 Kf8 39. f4 Ke7 40. Bg4 f6 41. gxf6+ gxf6 42. Kg3 Ng6 43. Bf5 Nf8 44. Kf3 Ng6 45. Kg3 Kf7 46. Bd7 Ne7 47. Kf3 f5 48. Bc3 Bd5+ 49. Ke3 Bc6 50. Bxc6 Nxc6 51. Kd3 Ke6 52. Bg7 Kd5 53. Bf6 Nb8 54. Bh8 Nd7 55. Bd4 Nf8 56. Bg7 Ng6 57. Bh6 Nh4 58. Bg7 Ng2 59. Bh6 Ne1+ 60. Kd2 Nf3+ 61. Kd3 Ng1 62. h4 Nf3 63. h5 Ne1+ 64. Kd2 Ng2 65. Kd3 Nh4 66. Bg5 Nf3 67. h6 Nd4 68. Bf6 Ne6 69. Bg5 Kc6 70. Ke3 Kd7 71. Bf6 Ke8 72. Bc3 Kf7 73. Kf3 Kg6 74. Bb2 Kxh6 75. Bc3 Kg6 76. Bb2 Kf7 77. Bc3 Ke7 78. Ke3 d5 79. Be1 Kd6 80. Bg3 d4+ 81. Kd3 Kd5 82. Bh2 Ng7 83. Bg1 Nh5 84. Bxd4 Nxf4+ 85. Ke3 Ng2+ 86. Kd3 Ne1+ 87. Kc3 Ke4 0-1

[Event "Sparkassen-Open A"]
[Site "Heusenstamm, Martinsee"]
[Date "2025.11.23"]
[Round "6.72"]
[White "Gärtner, David"]
[Black "Kalepky, Helmut"]
[Result "1/2-1/2"]
[WhiteElo "1838"]
[BlackElo "1927"]
[PlyCount "40"]
[EventDate "2025.11.20"]
[WhiteTeam "Sfr.Mainz 1928"]
[BlackTeam "Sfr.Heidesheim"]

1. d4 d5 2. Nf3 Nc6 3. c4 Bg4 4. e3 e5 5. Be2 exd4 6. Nxd4 Bxe2 7. Qxe2 Bb4+ 8. Bd2 Bxd2+ 9. Nxd2 Nxd4 10. exd4+ Qe7 11. c5 Kd7 12. Nf3 f6 13. Kd2 Qxe2+ 14. Kxe2 Ne7 15. b4 Rhe8 16. Kd3 Ng6 17. g3 Re6 18. Rhe1 Rae8 19. Rxe6 Rxe6 20. b5 a5 1/2-1/2

[Event "Sparkassen-Open A"]
[Site "Heusenstamm, Martinsee"]
[Date "2025.11.23"]
[Round "6.73"]
[White "Morgenroth, Fabian"]
[Black "Dubinker, Philipp"]
[Result "1-0"]
[WhiteElo "1816"]
[BlackElo "1911"]
[PlyCount "65"]
[EventDate "2025.11.20"]
[WhiteTeam "SC Turm Breuberg"]
[BlackTeam "SK Marburg 1931/72"]

1. e4 e6 2. d4 d5 3. e5 c5 4. c3 Nc6 5. Nf3 Qb6 6. Bd3 Bd7 7. O-O cxd4 8. Re1 Nge7 9. h4 a6 10. h5 h6 11. Nbd2 dxc3 12. bxc3 Qc7 13. Ba3 Nc8 14. Bxf8 Rxf8 15. c4 Nb4 16. Bf1 dxc4 17. Bxc4 Bc6 18. Rc1 Qd7 19. Qb3 a5 20. a3 Nd5 21. Ne4 Ke7 22. Nc5 Qc7 23. Nd4 Re8 24. Bxd5 Bxd5 25. Qg3 Qd8 26. Qxg7 Rg8 27. Qxh6 Rxg2+ 28. Kf1 Qg8 29. Qf6+ Ke8 30. Nb5 Qg4 31. Nc7+ Kf8 32. Qh8+ Ke7 33. Qe8# 1-0

[Event "Sparkassen-Open A"]
[Site "Heusenstamm, Martinsee"]
[Date "2025.11.23"]
[Round "6.74"]
[White "Mellinghoff, Arthur"]
[Black "Weil, Michael"]
[Result "0-1"]
[WhiteElo "1763"]
[BlackElo "1907"]
[PlyCount "82"]
[EventDate "2025.11.20"]
[WhiteTeam "Aachen"]
[BlackTeam "SC Steinbach"]

1. b3 e5 2. Bb2 Nc6 3. e3 Nf6 4. Bb5 e4 5. d3 exd3 6. Qxd3 Be7 7. Nd2 Nb4 8. Qc3 c6 9. Be2 d5 10. Ngf3 d4 11. Nxd4 Nfd5 12. Qc4 b5 13. Nxb5 cxb5 14. Qe4 f5 15. Bxb5+ Bd7 16. Qxf5 Bxb5 17. Bxg7 Rg8 18. Be5 Qd7 19. Qxh7 Qg4 20. c4 Qg6 21. Qxg6+ Rxg6 22. O-O Nxe3 23. fxe3 Bc6 24. e4 Bc5+ 25. Kh1 O-O-O 26. Bc3 Nc2 27. Rac1 Ne3 28. Rg1 Ng4 29. h3 Bxg1 30. Kxg1 Ne3 31. g4 Rh6 32. Kh2 Nxg4+ 33. Kg3 Nf6 34. e5 Ne4+ 35. Nxe4 Bxe4 36. Kf4 Bc6 37. Re1 Rxh3 38. Bb4 Rf3+ 39. Kg4 Rg8+ 40. Kh4 Rf7 41. e6 Rh7# 0-1

[Event "Sparkassen-Open A"]
[Site "Heusenstamm, Martinsee"]
[Date "2025.11.23"]
[Round "6.75"]
[White "Weiss, Matthias"]
[Black "Röß, Jonas"]
[Result "1/2-1/2"]
[WhiteElo "1980"]
[BlackElo "1882"]
[PlyCount "69"]
[EventDate "2025.11.20"]
[WhiteTeam "SF Schöneck"]
[BlackTeam "SV Würzburg von 1865 e.V."]

1. e4 c5 2. Nf3 d6 3. c3 Nf6 4. Be2 g6 5. O-O Bg7 6. Bb5+ Nc6 7. Re1 O-O 8. h3 e5 9. d3 Qb6 10. Na3 Bd7 11. Ba4 a6 12. Bb3 Be6 13. Nc4 Qc7 14. Ng5 h6 15. Nxe6 fxe6 16. Ne3 Nd8 17. Ng4 Kh7 18. Be3 b5 19. Qe2 Rc8 20. Rad1 Qc6 21. Nxf6+ Rxf6 22. f3 a5 23. d4 exd4 24. cxd4 c4 25. Bc2 e5 26. dxe5 dxe5 27. Rd5 Rd6 28. Red1 Nb7 29. Rxd6 Nxd6 30. Qd2 c3 31. bxc3 Nc4 32. Qf2 Nxe3 33. Qxe3 Qxc3 34. Qxc3 Rxc3 35. Bb3 1/2-1/2

[Event "Sparkassen-Open A"]
[Site "Heusenstamm, Martinsee"]
[Date "2025.11.23"]
[Round "6.76"]
[White "Eichstädt, Enrico"]
[Black "Zargaran, Sepas"]
[Result "1-0"]
[WhiteElo "1970"]
[BlackElo "1880"]
[PlyCount "63"]
[EventDate "2025.11.20"]
[WhiteTeam "SK Norderstedt von 1975"]
[BlackTeam "VSG 1880 Offenbach"]

1. e4 c5 2. c3 d5 3. exd5 Qxd5 4. d4 g6 5. Nf3 Bg7 6. Be2 cxd4 7. cxd4 Nf6 8. Nc3 Qd8 9. O-O O-O 10. Ne5 Be6 11. Bf3 Bd5 12. Nxd5 Nxd5 13. Qb3 Nb6 14. Bxb7 Qxd4 15. Nf3 Qg4 16. Bxa8 Nxa8 17. Qb7 Nd7 18. Re1 e5 19. h3 Qf5 20. Be3 g5 21. Nxg5 h5 22. Qe4 Qxe4 23. Nxe4 f5 24. Nc5 Nf6 25. Ne6 Rf7 26. Rad1 Nd7 27. Nxg7 Rxg7 28. Bxa7 Nc7 29. Bb8 Nxb8 30. Rd8+ Kf7 31. Rxb8 Kf6 32. Rb7 1-0

[Event "Sparkassen-Open A"]
[Site "Heusenstamm, Martinsee"]
[Date "2025.11.23"]
[Round "6.77"]
[White "Ziska, Stephan"]
[Black "Trenz, Finn"]
[Result "0-1"]
[WhiteElo "1848"]
[BlackElo "1952"]
[PlyCount "50"]
[EventDate "2025.11.20"]
[WhiteTeam "Schachforum Darmstadt 1994"]
[BlackTeam "SV Multatuli Ingelheim e.V."]

1. e4 c6 2. Bc4 d5 3. Bb3 dxe4 4. Qh5 g6 5. Qe2 Nf6 6. Nc3 Bf5 7. f3 exf3 8. Nxf3 Bg7 9. Ne5 Nd5 10. Nxd5 cxd5 11. Qb5+ Nd7 12. Nxd7 Qxd7 13. Qxd7+ Kxd7 14. Bxd5 Bxc2 15. Bxb7 Rab8 16. Bd5 Bd3 17. Bb3 Rhc8 18. h4 e5 19. Bxf7 Rf8 20. Bb3 Rb4 21. g3 Re4+ 22. Kd1 Be2+ 23. Kc2 Rc8+ 24. Kb1 Bd3+ 25. Bc2 Bxc2# 0-1

[Event "Sparkassen-Open A"]
[Site "Heusenstamm, Martinsee"]
[Date "2025.11.23"]
[Round "6.78"]
[White "Bogucanin, Mirsad"]
[Black "Richter, Johanna"]
[Result "1/2-1/2"]
[WhiteElo "1966"]
[BlackElo "1868"]
[PlyCount "90"]
[EventDate "2025.11.20"]
[WhiteTeam "VSG 1880 Offenbach"]
[BlackTeam "Sfr.Heidesheim"]

1. e4 c5 2. Nf3 Nc6 3. d4 cxd4 4. Nxd4 Nf6 5. Nc3 e5 6. Ndb5 d6 7. Bg5 a6 8. Na3 b5 9. Nd5 Be7 10. Bxf6 Bxf6 11. c3 Bg5 12. g3 O-O 13. Bg2 Be6 14. Nc2 Ne7 15. Nce3 Rb8 16. O-O Bxe3 17. Nxe3 f5 18. exf5 Nxf5 19. Re1 Nxe3 20. Rxe3 Qf6 21. f4 Rbd8 22. Qe1 Qf7 23. b3 Bd5 24. fxe5 dxe5 25. Rd1 Bxg2 26. Rxd8 Rxd8 27. Kxg2 Qd5+ 28. Kh3 Re8 29. c4 bxc4 30. bxc4 Qe6+ 31. Kg2 Qxc4 32. Rxe5 Qxa2+ 33. Kh3 Rxe5 34. Qxe5 Qf7 35. Qd6 Qf5+ 36. Kg2 Qc8 37. Qd5+ Kh8 38. h4 h6 39. h5 Qc2+ 40. Kh3 Qc8+ 41. g4 Qc3+ 42. Kh4 Qe1+ 43. Kh3 Qe3+ 44. Kg2 Qe2+ 45. Kg3 Qe3+ 1/2-1/2

[Event "Sparkassen-Open A"]
[Site "Heusenstamm, Martinsee"]
[Date "2025.11.23"]
[Round "6.79"]
[White "Hessler Carbonell, Louis"]
[Black "Schumacher, Markus"]
[Result "0-1"]
[WhiteElo "1936"]
[BlackElo "1858"]
[PlyCount "78"]
[EventDate "2025.11.20"]
[WhiteTeam "SK Marburg 1931/72"]
[BlackTeam "Godesberger SK 1929 e. V"]

1. g3 Nf6 2. Bg2 d5 3. c4 e6 4. cxd5 exd5 5. Nf3 Be7 6. O-O O-O 7. d4 c6 8. Nc3 Nbd7 9. a3 h6 10. b4 a6 11. Qb3 Ne4 12. Rd1 Nd6 13. Nd2 Nb6 14. e4 dxe4 15. Ncxe4 Be6 16. Qd3 Bd5 17. Nc5 Bxg2 18. Kxg2 Nd5 19. Nc4 Nxc4 20. Qxc4 Qc7 21. Bb2 Bf6 22. a4 Rfe8 23. b5 axb5 24. axb5 Rab8 25. Ra7 Qc8 26. Bc1 Bg5 27. Nd3 Qg4 28. f3 Re2+ 29. Nf2 Qe6 30. f4 Ne3+ 31. Bxe3 Qxc4 32. bxc6 bxc6 33. Kf3 Rxe3+ 34. Kxe3 Rb3+ 35. Rd3 Bf6 36. Rd7 Qe6+ 37. Ne4 Rxd3+ 38. Kxd3 Qxd7 39. Nxf6+ gxf6 0-1

[Event "Sparkassen-Open A"]
[Site "Heusenstamm, Martinsee"]
[Date "2025.11.23"]
[Round "6.80"]
[White "Nickel, Jonas"]
[Black "Klebs, Sebastian"]
[Result "1-0"]
[WhiteElo "1919"]
[BlackElo "1845"]
[PlyCount "123"]
[EventDate "2025.11.20"]
[WhiteTeam "Schachdrachen Büdingen-Wächtersb"]
[BlackTeam "Karlsruher SF 1853"]

1. e4 c5 2. Nf3 e6 3. d3 Nc6 4. g3 d6 5. Bg2 Nf6 6. Nbd2 Be7 7. c3 O-O 8. O-O Rb8 9. a3 a5 10. a4 b6 11. Re1 Ba6 12. Nc4 d5 13. Nce5 Rc8 14. Nxc6 Rxc6 15. e5 Nd7 16. Bf4 Rc8 17. Qd2 Nb8 18. h4 Nc6 19. h5 b5 20. axb5 Bxb5 21. Nh2 a4 22. Ng4 Na5 23. Qe2 Bg5 24. Bxg5 Qxg5 25. f4 Qd8 26. Rf1 Qd7 27. h6 f5 28. exf6 gxf6 29. Rae1 Rce8 30. Bh3 Nc6 31. Nh2 Nd8 32. c4 dxc4 33. dxc4 Bc6 34. Rd1 Qb7 35. Rd6 f5 36. Qe5 Rf7 37. Rfd1 Qc8 38. Re1 Be4 39. Red1 Nb7 40. R6d2 Rd8 41. Bg2 Rxd2 42. Rxd2 Bxg2 43. Kxg2 Qc6+ 44. Kh3 Rd7 45. Qb8+ Nd8 46. Qe5 Qb7 47. Rxd7 Qxd7 48. Qxc5 Nf7 49. Qb5 Qd8 50. Qxa4 Nxh6 51. Qc6 Qf6 52. b4 Ng4 53. Qe8+ Kg7 54. Qd7+ Kh8 55. Nf3 Ne3 56. Qe8+ Kg7 57. Qd7+ Kg8 58. c5 Qg6 59. Qd8+ Kg7 60. Qd4+ e5 61. Qxe5+ Kg8 62. Qxe3 1-0